00940nam a2200229 a 450000100060000000300080000600500170001400800410003103500190007204000320009104100080012308200240013111101040015524501780025926000610043730000350049850400410053365000370057465000370061170000430064870000190069137436BD-RjUL20211209052617.015 s1978 ii a b 100 0 eng  a(BD-RjUL)37540 aDLCcDLCdDLCdBD-RjULbeng aeng00a574.90948bSOL 19782 aAll India Symposium on Soil Biology and Ecology,b1st,cUniversity of Agricultural Sciences,d1976.10aSoil biology and ecology in India :bproceedings of the first All India Symposium held at UAS, Bangalore, September 22-26, 1976 /cedited by C. A. Edwards and G. K. Veeresh. aBangalore :bUniversity of Agricultural Sciences,c1978. axvii, 344 p. :bill. ;c25 cm. aIncludes bibliographical references. 0aSoil biologyzIndiaxCongresses. 0aSoil ecologyzIndiaxCongresses.1 aEdwards, C. A.q(Clive Arthur),d1925-1 aVeeresh, G. K.